| 000 | 01258nam a2200301 4500 | ||
|---|---|---|---|
| 003 | EC-UNACH | ||
| 005 | 20251030114442.0 | ||
| 006 | s||||gr|||| 00| 00 | ||
| 008 | 150116t9999 mx r gr 000 0 spa d | ||
| 020 | _a978-9942-07-186-6 | ||
| 040 |
_aEC-UNACH _cEC-UNACH |
||
| 041 | _aspa | ||
| 082 | 0 | 4 |
_223 _a342.06 _bL017912 |
| 110 | _aCorte constitucional del ecuador | ||
| 245 | _aTransconstitucionalismo y diálogo jurídico | ||
| 250 | _aPrimera edición | ||
| 264 |
_aEcuador _bCorte constitucional del ecuador _c2011 |
||
| 300 | _a231 | ||
| 505 | _aCapitulo 1- Los procesos de aproximación y convergencia en el constitucionalismo Ecuatoriano - - Capitulo 2- Los componentes del derecho involucrados en el proceso de globalización del derecho constitucional - - Capitulo 3- Los procesos de dialogo y de recepción en el constitucionalismo Ecuatoriano - - Conclusiones - - Biografía - - Anexos - - | ||
| 650 | _aInterés del constitucionalismo ecuatoriano | ||
| 650 | _aLos componentes del derecho | ||
| 650 | _aLa interacción y las referencias cruzadas | ||
| 700 | _aClaudia Escobar García | ||
| 942 |
_2ddc _c1 |
||
| 999 | _c14124 | ||